Vista normal Vista MARC
  • Fernando Diaz

Entrada Personal Name

Número de registros utilizados en: 1

001 - CONTROL NUMBER

  • control field: 26577

003 - CONTROL NUMBER IDENTIFIER

  • control field: ES-SlBCS

005 - DATE AND TIME OF LATEST TRANSACTION

  • control field: 20260703090931.0

008 - FIXED-LENGTH DATA ELEMENTS

  • fixed length control field: 260703|| aca||aabn | a|a d

040 ## - CATALOGING SOURCE

  • Original cataloging agency: ES-SlBCS
  • Transcribing agency: ES-SlBCS

100 ## - HEADING--PERSONAL NAME

  • Personal name: Fernando Diaz

670 ## - SOURCE DATA FOUND

  • Source citation: Work cat.: (ES-SlBCS): Fr. Juan Gutierrez OP 26576, Processionarium secundum morem almi Ordinis Praedicatorum, Sanctissimi Dominici patris nostri novissimè recognitum & a multis erroribus emmendatumn (sic) per quendam fratrem eiuisdem Ordinis in Conventu S. Pauli Hispalensis., 1597

Bibliotecas Dominicos Provincia Hispania, 2016

Con tecnología Koha